ბათუმის შოთა რუსთაველის სახელმწიფო უნივერსიტეტის ბიბლიოთეკა

ჩანაწერი Meeting Name

ჩანაწერთა რაოდენობა, რომელიც გამოყენებულია: 1

001 - CONTROL NUMBER

  • control field: 320

003 - CONTROL NUMBER IDENTIFIER

  • control field: GE_BSU

005 - DATE AND TIME OF LATEST TRANSACTION

  • control field: 20190422160228.0

008 - FIXED-LENGTH DATA ELEMENTS

  • fixed length control field: 190422|| aca||aabn | a|a d

040 ## - CATALOGING SOURCE

  • Original cataloging agency: GE_BSU
  • Transcribing agency: GE_BSU

111 ## - HEADING--MEETING NAME

  • Meeting name or jurisdiction name as entry element:
  • Subordinate unit: საქ. სსრ. მეცნ. აკად. ივ. ჯავახიშვილის სახ. ისტორიის, არქეოლოგიისა და ეთნოგრაფიის ინ-ტი.

670 ## - SOURCE DATA FOUND

  • Source citation: Work cat.: (GE_BSU)38277: ავალიანი, ნანა 97, დასავლეთის ცივილიზაციის" ბურჟუაზიული კონცეფციის კრიტიკა.